MARC

LEADER 00000nas a2200000 a 4500
001 ssj0018920
003 WaSeSS
005 20200512172242.0
006 m d
007 cr n
008 050614c19589999cauqr pss 0 a0eng c
010 |a  2006216221 
015 |a GBB3A8098  |2 bnb 
016 7 |a 016553440  |2 Uk 
022 |a 1934-9041  |l 0016-9862  |y 0016-9862 
035 |a (WaSeSS)ssj0018920 
037 |b Sage Publications, Inc., 2455 Teller Rd., Thousand Oaks, CA 93065  |c $65.00 (single issue) 
040 |a OCLCS  |b eng  |c OCLCS  |d NSD  |d OCLCQ  |d OCL  |d BUF  |d OCLCQ  |d OCLCF  |d VT2  |d OCLCQ  |d Z5A  |d OCLCO  |d OCLCA  |d UKMGB  |d AUD  |d U3W  |d WaSeSS 
042 |a pcc  |a nsdp 
050 4 |a LC3991  |b .G54 
060 0 0 |a W1  |b GI113 
082 1 0 |a 371  |2 14 
130 0 |a Gifted child quarterly (Online) 
222 0 |a Gifted child quarterly  |b (Online) 
245 1 4 |a The Gifted child quarterly  |h [electronic resource]. 
260 |a [Washington, DC, etc.] :  |b [National Association for Gifted Children] 
310 |a Quarterly 
362 1 |a Print began with vol. 2 (winter 1958). 
500 |a Published: Thousand Oaks, CA: Sage Publications, 2007- 
506 |a License restrictions may limit access. 
538 |a Mode of access: World Wide Web. 
588 |a Description based on print version record. 
588 |a Latest issue consulted: Vol. 52, no. 1 (winter 2008) (Sage Journals Online, viewed Mar. 29, 2008). 
650 0 |a Gifted children  |x Education  |v Periodicals. 
650 0 |a Gifted children  |v Periodicals. 
650 7 |a Gifted children.  |2 fast  |0 (OCoLC)fst00942561 
650 7 |a Gifted children  |x Education.  |2 fast  |0 (OCoLC)fst00942566 
650 2 |a Child  |v Periodicals. 
650 2 |a Creativeness  |v Periodicals. 
655 0 |a Electronic journals. 
710 2 |a National Association for Gifted Children (U.S.) 
776 0 8 |i Print version:  |t Gifted child quarterly  |x 0016-9862  |w (DLC) 76644577  |w (OCoLC)3337727 
780 0 0 |t Gifted child newsletter 
856 4 0 |z Full text available from Research Library: 07/01/2004 to 07/31/2010  |u https://search.proquest.com/publication/41008